01470naa a2200229 i 45000010005000000030009000050050017000140080039000310400021000700800017000911000132001082450165002405000021004055200273004266500031006996500029007307000124007597730292008839420013011759990015011889520037012033583KOSZ 00520190610114322.0150204s2008 pl n f |000 0pol cBPKdKOSZ 005/EG a621.791/.7951 aBORKOWSKI, Przemysław.d1996 - 2013.bPolitechnika Koszalińska - Centrum Niekonwencjonalnych Technologii Hydrostrumieniowych10aUrządzenia i osprzęt do czyszczenia powierzchni blach okrętowych ultra wysokociśnieniową strugą wodną /cPrzemysław Borkowski, Józef Borkowski. aDane z autopsji. aW niniejszym artykule zaprezentowano całokształt zagadnień związanych z racjonalnym wykorzystaniem nowoczesnych urządzeń technologicznych i wysokociśnieniowego osprzętu stosowanego do manualnej i zmechanizowanej realizacji technologii hydrostrumieniowej. 0aObróbka wodno-ścierna. 0aInżynieria powierzchni1 aBORKOWSKI, Józef.d1996 - .bPolitechnika Koszalińska - Centrum Niekonwencjonalnych Technologii Hydrostrumieniowych0 iW :tWysokociśnieniowe technologie hydrostrumieniowe / pod red. Józefa A. Borkowskiego, Przemysława J. Borkowskiego. -dKoszalin : Wydaw. Uczelniane Politechniki Koszalińskiej, 2008. -gs. 191-202kMonografia / Instytut Niekonwencjonalnych Technologii Hydrostrumieniowych ; nr 154 cROZ2UKD c3583d3583 00104070aBPKbBPKo90729yROZ